000 00350nam a2200145Ia 4500
008 150201s2002 xx 000 0 und d
082 _a614
_bC2002T
100 _aTNAI
245 2 _aA COMMUNITY HEALTH NURSING MANUAL
250 _a1ST
260 _bMISS JAIWANTI PUBLICATION
_aDELHI
_c2002
300 _a1-624
650 _aNURSING
942 _2ddc
_cBK
999 _c4053
_d4053